[Event "Sigeman & Co 07th"]
[Site "Malmo"]
[Date "1999.06.17"]
[Round "9"]
[White "Gelfand, Boris"]
[Black "Timman, Jan H"]
[Result "1/2-1/2"]
[WhiteElo "2691"]
[BlackElo "2670"]
[Annotator "Ribli,Z"]
[PlyCount "91"]
[EventDate "1999.06.??"]
[EventType "tourn"]
[EventRounds "9"]
[EventCountry "SWE"]
[EventCategory "14"]
[SourceTitle "CBM 072"]
[Source "ChessBase"]
[SourceDate "1999.10.01"]
[SourceVersion "1"]
[SourceVersionDate "1999.10.01"]
[SourceQuality "1"]

{[%mdl 4104]} 1. Nf3 Nf6 2. c4 c5 3. Nc3 Nc6 4. g3 d5 5. d4 {Dieser Zug ist
sehr populär in Superturnieren. In der symmetrischen Stellung hat Weiss das
mehrtempo g2-g3. Die Variante ist praktisch für Weiss, denn bei normalem Spiel
gerät er nicht in Verlustgefahr. Ribli.} cxd4 (5... e6 6. cxd5 Nxd5 7. Bg2 {
D 41}) 6. Nxd4 dxc4 7. Nxc6 Qxd1+ 8. Nxd1 bxc6 9. Bg2 {Schwarz hat noch einen
Bauern mehr, aber Weiss kann das Material zurückgewinnen und bekommt die
bessere Bauernstruktur.} Nd5 10. Ne3 e6 (10... Ba6 11. Nxd5 cxd5 12. Bxd5 $14)
11. Nxc4 Ba6 12. b3 {Gelfand spielt die alte Fortsetzung. Der Gegner ist
natürlich gut vorbereitet gegen 12.Na5!? - siehe die Partie Kramnik,V - Timman,
J Hoogovens Wijk aan Zee 1999.} (12. Na5 $5 $146 {[%csl Rc6]} Bc5 $6 (12... Kd7
$5 13. Bd2 Rb8) 13. Bd2 O-O 14. Rc1 {[%cal Rc1c6]} Bd4 15. b4 $16 {1-0 Kramnik,
V-Timman,J/Hoogovens Wijk aan Zee 1999/CBM 69/[Ribli] (41)}) 12... Bb4+ 13. Bd2
Ke7 14. Rc1 {[%cal Gc1c6] Das ist (natürlich) noch Theorie. Weiss besitzt die
bessere Bauernstruktur, aber Schwarz hat lebendiges Figurenspiel.} Rhc8 15.
Bxb4+ Nxb4 16. a3 (16. Na5 Nxa2 $1 17. Nxc6+ Kf6 {1/2-1/2 Yermolinsky,A-Timman,
J/Wijk aan Zee 1997/CBM 57/[Yudasin,L] (18)}) 16... Nd5 17. Na5 (17. e4 Bxc4 $5
18. Rxc4 Nb6 19. Rc5 Nd7 20. Rc3 a5 $1 21. Kd2 Ra6 {1/2-1/2 Gelfand,B-Kramnik,
V/Belgrade 1995/CBM 51/[Ribli] (27)}) 17... c5 18. e4 Nf6 19. e5 Nd5 20. Kd2 (
20. f4 Rab8) 20... Rab8 (20... Rc7 21. Rhd1 Rac8 22. Ke1 c4 23. Bxd5 exd5 24.
Rxd5 c3 25. b4 Bc4 26. Rd6 Be6 {1/2-1/2 Piket,J-Timman,J/Gouda 1997/EXT 99 (35)
}) 21. b4 Rb5 $1 $146 {Das ist Timmans wahrscheinlich vorbereitete Neuerung!
Schwarz verteidigt den Bauern auf c5 und vermeidet das Motiv Nc6+, das nach 21.
..cxb4? möglich wäre.} (21... f6 22. Bxd5 (22. Rhe1 $1) 22... exd5 23. Rxc5
Rxc5 24. bxc5 Rb2+ 25. Kc3 Rb5 26. exf6+ Kxf6 27. Nb3 {1/2-1/2 Kramnik,
V-Polgar,J/Tilburg 1997/CBM 61 (48)}) (21... c4 22. Bxd5 exd5 23. Kc3 $16 d4+
24. Kxd4 Rd8+ 25. Ke4) (21... Rb6 22. Bxd5 exd5 23. Rxc5 Rxc5 24. bxc5 Rb2+ 25.
Kc3 $36) 22. Bxd5 (22. Bf1 Rb6 23. Rxc5 (23. Bxa6 Rxa6 24. Rc2 Rc7 $11) 23...
Rxc5 24. bxc5 Rb2+ 25. Kc1 Ra2 26. Nc6+ Ke8 $132) 22... exd5 23. Nb3 cxb4 (
23... c4 $2 24. Nd4 $16 {[%csl Gd4] Weiss hat eine ausgezeichnete
Blockadestellung. Der a6-Läufer steht passiv.}) 24. Nd4 Rbc5 (24... Rb6 25.
Rxc8 Bxc8 26. axb4 $14 {[%csl Gd4]}) 25. Nf5+ (25. axb4 Rc4 26. Rxc4 Rxc4 $11)
(25. Rxc5 Rxc5 26. axb4 Rc4 $11) 25... Ke6 {Eine gute Entscheidung. Der
schwarze König prescht voran.} (25... Kf8 26. axb4 Rc4 27. Rxc4 Rxc4 28. Ra1
$14) 26. Nxg7+ Kxe5 $11 27. Rhe1+ (27. axb4 Rxc1 28. Rxc1 Rxc1 29. Kxc1 Kd4 $11
{[%csl Gd4]}) 27... Kf6 (27... Kd6 $6 28. Nf5+ Kd7 29. Rxc5 Rxc5 30. Re7+ $16)
(27... Kd4 $4 28. Nf5#) 28. Rxc5 Rxc5 29. axb4 Rc4 {[%csl Gc4] Nach
Vereinfachungen haben wir eine Stellung, in der Weiß die bessere
Bauernstruktur besitzt, das reduzierte Material dem Schwarzen aber gute
Remischancen bietet.} 30. Nh5+ Kg6 31. Nf4+ Kg7 32. Ra1 (32. Nxd5 $4 Rd4+ $19 {
[%cal Rd4d5,Rd4d2]}) 32... Bb5 33. Rxa7 Rxb4 {Schwarz hat drei Bauerninseln,
aber Weiss kann diesen theoretischen Vorteil nicht verwerten.} 34. Nh5+ (34.
Rb7 Rd4+ $11) 34... Kg6 35. Nf4+ Kg7 36. Rb7 Rd4+ 37. Ke3 Re4+ 38. Kf3 Rb4 {
[%cal Rb5e2,Re2f3,Rb4b7] Der weisse König steht nicht besonders gut.} 39. Ne6+
Kg6 40. Nf4+ Kg7 41. Ne6+ {In solchen Stellungen sagen wir, dass Weiss das
"bessere Remis" hat. In Wirklichkeit kann er nichts Konkretes erreichen.} Kg6
42. Nc5 d4 {[%cal Rb5c6,Rc6f3,Rc6b7]} 43. Rb6+ Kg7 44. Kf4 d3+ (44... Rb1 $11)
45. Ke3 Rb1 46. Rd6 (46. Ne4 $5 $14 {[%cal Re4c3,Rc3b5,Rc3b1]}) (46. Rd6 Re1+
47. Kf3 Rd1 48. Ke3 $11) 1/2-1/2

[Event "Bundesliga 0304"]
[Site "Germany"]
[Date "2004.02.15"]
[Round "9.1"]
[White "Schmittdiel, Eckhard"]
[Black "Nielsen, Peter Heine"]
[Result "0-1"]
[WhiteElo "2483"]
[BlackElo "2626"]
[Annotator "Ribli,Z"]
[PlyCount "90"]
[EventDate "2003.11.01"]
[EventType "team-tourn"]
[EventRounds "15"]
[EventCountry "GER"]
[SourceTitle "CBM 100"]
[Source "ChessBase"]
[SourceDate "2004.06.01"]
[SourceVersion "1"]
[SourceVersionDate "2004.06.01"]
[SourceQuality "1"]
[WhiteTeam "Stuttgart"]
[BlackTeam "Wattenscheid"]
[WhiteTeamCountry "GER"]
[BlackTeamCountry "GER"]

1. Nf3 c5 2. c4 Nf6 3. g3 d5 4. cxd5 Nxd5 5. Bg2 g6 {Diese Fortsetzung wird
selten gespielt, gewöhnlich spielt man 5...Nc6, aber in diesem Fall kann Weiß
die Stellung in der Variante 6.d4 vereinfachen.} 6. Nc3 Nc6 7. Qb3 (7. O-O Bg7
8. Nxd5 Qxd5 9. d3 O-O 10. Be3 Bd7 $11 {Diese Variante war sehr populär vor
ungefähr 25 Jahren. Nach einigen Vereinfachungen ist die Stellung gleich.})
7... Nb6 (7... e6 8. O-O Bg7 9. d3 O-O 10. Bg5 Nd4 11. Nxd4 Qxg5 12. Nxd5 exd5
13. Nb5 c4 $11) 8. d3 {Dieser Zug ist ein wenig schablonenhaft, die
Alternative kommt in Betracht.} (8. Ne4 $5 {Nach diesem Zug muss Schwarz mit
Nxc5 und mit Qc3 rechnen.}) 8... Bg7 9. O-O O-O 10. Na4 {Dieser Zug scheint
mir unnatürlich, nach meiner Meinung wäre es besser, mit 10.Be3 eine neue
Figur ins Spiel zu bringen.} (10. Be3 Nd4 11. Bxd4 cxd4 12. Ne4 Be6 13. Qa3 Bd5
14. Rac1 f5 15. Nc5 e5 $13 {1/2-1/2 Anand,V-Polgar,J/Hotel Bali Stars,
Benidorm ESP 2003 (49)}) 10... Be6 11. Qd1 Nxa4 12. Qxa4 Qd7 $11 {[%csl Yd4]
Schwarz hat eine bequeme Stellung und das d4-Feld ist immer ein positionelles
Loch in der weißen Position. Ich muss auch anmerken, dass die weiße Dame schon
7.Qb3, 11.Qd1 und 13.Qxa4 zog, was Zeitverlust bedeutet.} (12... Nd4 13. Nxd4
Qxd4 14. Qxd4 Bxd4 15. Rd1 {1/2-1/2 Hartmann,M-Fischer,G/Mehlingen 1998/EXT
2001 (15)}) 13. Qh4 $6 {[%cal Gc1h6] Der weiße Plan ist 14.Bh6 und 15.Ng5 zu
spielen, aber nun wird die weiße Dame weit weg vom Hauptkriegschauplatz stehen.
} (13. Be3 Bxb2 14. Rab1 Bg7 (14... Bd4 15. Nxd4 cxd4 16. Bxc6 Qxc6 17. Qxc6
bxc6 18. Bxd4 Bxa2 19. Rb7 $14) 15. Bxc5 Rac8 $11) 13... f6 $5 $15 {[%cal
Gg6g5,Gg5h4][%mdl 4] Mit diesem Zug schließt Schwarz den g7-Läufer ein, aber
sichert seinen Königsflügel und Weiß muss immer mit g6-g5 rechnen.} 14. Be3 b6
15. Rfd1 Rad8 16. Bd2 $6 (16. d4 g5 17. Qh5 Bg4 $19) (16. Bh6 g5 $19) (16. Qa4
Nb4 $15) 16... Bg4 $1 $17 {[%csl Gg4,Rh4] Nach diesem Zug hat Weiß große
Schwerigkeiten - es droht 17...g5 und 17...Bxf3 und auch 18...Nd4.} 17. Bh6 (
17. h3 Bxf3 18. Bxf3 Nd4 $17) 17... Bxh6 {Schwarz spielt positionell, aber die
konkrete Fortsetzung 17...g5!? ist auch stark.} (17... g5 $5 18. Nxg5 (18. Bxg5
Bxf3 $19) 18... fxg5 19. Qxg5 Rf7 20. Bxc6 Qxc6 21. Qxg4 Qxh6 $17) 18. Qxh6
Bxf3 19. Bxf3 (19. exf3 Nd4 $17) 19... Nd4 {[%csl Gd4,Re2,Rf3] Der d4N steht
ausgezeichnet und es droht 20...Nxf3+, wonach Weiß eine sehr schlechte
Bauernstruktur bekommt.} 20. Rd2 (20. Qf4 e5 21. Qe4 f5 22. Qxe5 Rfe8 23. Qf6
Nxe2+ 24. Bxe2 Rxe2 $17) 20... Nxf3+ 21. exf3 {Nach Vereinfachungen haben wir
eine Stellung, in der Weiß eine sehr schlechte Bauernstruktur hat.} e5 22. Qh4
(22. f4 e4 (22... Qe6 23. b3 exf4 24. Qxf4 Rfe8 $17) 23. Rad1 exd3 24. Rxd3
Qxd3 25. Rxd3 Rxd3 $17) 22... Qd4 23. Qxd4 Rxd4 {[%csl Rd3,Gd4][%cal Gf8d8,
Gd8d2][%mdl 4096] Schwarz besitzt eine gesunde Bauernstruktur und fühlbaren
positionellen Druck auf der d-Linie.} 24. Kf1 Rfd8 25. Ke2 g5 {Mit diesem Zug
gewinnt Schwarz weiteren Raum am Königsflügel.} (25... c4 $2 26. Rad1 cxd3+ 27.
Rxd3 Rxd3 28. Rxd3 Rc8 $11 (28... Rxd3 29. Kxd3 $16 {[%csl Gd3]})) 26. Rc1 Kf7
27. Rc4 Ke6 (27... Rxc4 28. dxc4 Rxd2+ 29. Kxd2 f5 $15) 28. b3 f5 {[%csl Ge5,
Ge6,Gf5,Gg5]} 29. Rd1 R8d6 30. Rxd4 (30. Rd2 $142 $17) 30... Rxd4 31. Rc1 Kd5 {
[%csl Gd4,Gd5] Das Material ist reduziert, aber die schwarzen Figuren sind
sehr aktiv.} 32. Rc2 b5 33. Rc1 a5 {[%cal Ga5a4]} 34. Rb1 Kc6 (34... a4) 35.
Re1 Kd5 (35... a4 36. Kd2 Kd5 37. Kc2 $17) 36. Rb1 a4 37. bxa4 $6 (37. Ra1 h5
$17) 37... Rxa4 38. Rxb5 Rxa2+ {[%cal Ga2h2]} 39. Ke1 Kd4 {[%csl Rd3]} 40. Rb7
(40. Rb3 h5 $22) 40... Kxd3 41. Rd7+ Kc2 42. Rxh7 c4 $19 {[%csl Gc4] Der
c-Bauer entscheidet die Partie.} 43. h4 gxh4 44. gxh4 c3 45. h5 Kb1 0-1

[Event "Hoogovens"]
[Site "Wijk aan Zee"]
[Date "1999.01.30"]
[Round "12"]
[White "Piket, Jeroen"]
[Black "Shirov, Alexei"]
[Result "1/2-1/2"]
[WhiteElo "2609"]
[BlackElo "2726"]
[Annotator "Ribli,Z"]
[PlyCount "74"]
[EventDate "1999.01.16"]
[EventType "tourn"]
[EventRounds "13"]
[EventCountry "NED"]
[EventCategory "17"]
[SourceTitle "CBM 069"]
[Source "ChessBase"]
[SourceDate "1999.04.01"]
[SourceVersion "1"]
[SourceVersionDate "1999.04.01"]
[SourceQuality "1"]

1. Nf3 Nf6 2. c4 c5 3. Nc3 d5 {Diese Variante war vor 20 Jahren populär.
Heutzutage wählt Schwarz häufiger die Alternativen 3...e6 oder 3...Nc6. Ribli.}
4. cxd5 Nxd5 5. e4 {Das stellt Schwarz konkrete Fragen. Die Alternativen 5.e3,
5.d4 und 5.g3 sind für ihn nicht so gefährlich.} Nb4 (5... Nxc3) 6. Bb5+ N8c6 (
6... N4c6 $2 7. d4 cxd4 8. Qxd4 $1 Qxd4 9. Nxd4 Bd7 10. Nb3 $1 e6 11. O-O Bb4
12. Rd1 a6 13. Be2 Na5 14. Be3 Nxb3 15. axb3 Nc6 16. Na4 Ke7 17. Rac1 Rac8 18.
Nc5 $16 {Mikhalchishin,A-Tseshkovsky,V/Jugoslavija 1997/Inf 70/}) 7. d4 (7. O-O
a6 8. Be2 Bg4 9. a3 Nd3 10. Bxd3 Qxd3 11. Qb3 Rb8 12. Ne1 Qd7 13. Qb6 Nd4 14.
f3 Be6 15. d3 Rc8 16. Be3 g6 17. f4 Bg7 18. e5 O-O 19. Ne4 Rc6 20. Qa7 Nb5 21.
Nxc5 Qc8 {0-1 Lasic,L-Grosar,A/Nova Gorica 1997/CBM 56 ext (47)}) 7... cxd4 8.
a3 dxc3 (8... Bd7 $5 {Diese Variante wird selten gespielt, ist aber meines
Erachtens nicht schlechter als die Partiefortsetzung.} 9. axb4 (9. Nxd4 Nxd4
10. Bxd7+ Qxd7 11. axb4 e6 12. Be3 Rd8 13. O-O Bxb4 $11) 9... dxc3 10. bxc3 (
10. Qb3 c2 $1 $15) 10... g6 11. Be3 Bg7 $11) 9. Qxd8+ Kxd8 10. axb4 cxb2 (10...
Nxb4 $6 11. Ke2 $1 Bg4 12. bxc3 Nc6 13. Bxc6 bxc6 14. Ra6 Kc7 15. Be3 Bc8 16.
Bf4+ e5 17. Bxe5+ Bd6 18. Bxd6+ Kxd6 19. Ra5 $14 {Hebert-Rousseau,D Montreal
1984}) (10... c2 $6 11. Bxc6 bxc6 12. Ne5 $1 Ke8 13. Kd2 g5 14. Kxc2 f5 15. Re1
a6 16. exf5 Bxf5+ 17. Kc3 h6 18. Nxc6 Bg7+ 19. Kb3 Bf6 20. Bd2 $16 {Gurevich,
D-Cseshkovsky,V Somerset 1986 42/(46)}) 11. Bxb2 {Das ist die Grundstellung
der Variante. Schwarz hat einen Mehrbauern, aber sein König steht in der Mitte
unsicher und Weiß entfaltet aktives Figurenspiel.} Bd7 (11... f6 12. e5 (12.
Bxc6 bxc6 13. e5 Rb8 14. O-O Rxb4 15. Rxa7 Rxb2 16. Rd1+ Ke8 17. Ra8 Kf7 18.
Rxc8 e6 19. g3 Rb7 20. Rdd8 $44 {1-0 Ragozin,E-Van Beers,E/Antwerpen 1994/EXT
98 (49)}) 12... Bg4 13. Bxc6 bxc6 14. Nd4 fxe5 15. Nxc6+ Kc7 16. Nxe5 Bh5 17.
O-O Be8 18. Rfc1+ Kb7 19. Nc4 e5 20. Bxe5 h5 21. Na5+ Kb6 22. Bc7+ Ka6 23. Nc6+
{1-0 Kasparov,G-Kortchnoi,V/Skelleftea 1989/Inf 48 (23)}) (11... e6 12. O-O Bd7
13. Bxc6 Bxc6 14. Ne5 Ke8 15. Nxc6 bxc6 16. Ra4 f6 17. Rfa1 Kf7 18. Rxa7+ Rxa7
19. Rxa7+ Be7 $11 20. Kf1 (20. Rc7 $2 {Kasparov spielte diesen Zug und die
Partie wurde hier remis gegeben. (Kasparov,G. - Lautier,J. Tilburg 1997) Das
war beiderseitige Schachblindheit!} c5 $3 $17 21. bxc5 $2 Rb8 $19)) 12. Bxc6 (
12. O-O f6 13. Bc4 Nxb4 14. e5 Rc8 15. Bf7 Rc2 16. Rfb1 Nd3 17. Bd4 fxe5 18.
Bxa7 e6 19. Rxb7 Bd6 20. Be3 Nc5 21. Ra8+ Ke7 22. Rxd7+ {1/2-1/2 Tal,M-Timman,
J/Montpellier 1985/Candidates (22)}) (12. Ba4 $5) 12... Bxc6 13. Ne5 {[%csl
Rd8][%cal Re5f7,Rf7h8,Rf7d8]} Ke8 (13... Be8 {Dieser Zug sieht sehr passiv aus,
aber ich sehe keine konkrete Wiederlegung. Der von Shirov gespielte Zug ist
viel einfacher und reicht zum Ausgleich.}) 14. Nxc6 bxc6 {Wir haben ähnliche
Stellung wie in der Partie Kasparov,G. - Lautier,J. Tilburg 1997, aber dort
war schon 0-0 und ...e6 gespielt. (siehe 11...e6). Der schwarze König steht
nicht so gut auf e8, denn er kann nicht rochieren, aber Weiß hat nicht mehr,
als den Zurückgewinn des Materials, und minimalen Vorteil, der aber nicht zum
Gewinn verdichtet werden kann.} 15. Ke2 f6 {Schwarz schränkt den Läufers b2
ein und plant dazu 16...e5 zu spielen.} 16. Ra6 {[%csl Rc6]} e5 (16... Kd7 $2
17. Rd1+ Kc7 18. Rc1 $16) 17. Bc3 {Weiß verteidigt seinen b4-Bauern, sonst
endet die Partie sofort Remis.} (17. Rxc6 Bxb4 18. Rc7 g6 19. Rd1 $11) 17...
Kd7 18. Rha1 {[%csl Ra7]} (18. Rd1+ $6 Kc7) 18... Be7 19. Rxa7+ Rxa7 20. Rxa7+
Ke6 $11 {Weiß hat den Bauern zurückgewonnen, aber Schwarz kann leicht
Ausgleich behaupten.} 21. Ra6 Kd7 22. Kd3 {[%csl Gd3]} (22. Ra7+ Ke6 $11) 22...
Rb8 {[%csl Rb4]} 23. Kc4 Kc7 {[%cal Gc7b7]} 24. Bd2 (24. Ra7+ Rb7 25. Ra8 Rb8
$11) 24... Kb7 25. Ra2 Ra8 26. Rxa8 (26. Ra5 Rxa5 (26... Bd6 $11) 27. bxa5 Ka6
28. Bb4 Bd8 29. Kc5 Be7+ 30. Kc4 $11) 26... Kxa8 27. Be3 (27. b5 Kb7 $11 (27...
cxb5+ 28. Kxb5 Kb7 $11)) 27... Kb7 28. g4 (28. Bc5 Bxc5 29. Kxc5 Kc7 $11) 28...
g5 {Die schwarze Bauern befinden sich auf schwarzen Felden, aber das ist ohne
Bedeutung, denn der weiße König kann nicht eindringen.} 29. Bc5 Bxc5 30. Kxc5 (
30. bxc5 Ka6 31. Kb4 Kb7 32. Ka5 Ka7 33. f3 Kb7 $11) 30... Kc7 31. b5 cxb5 32.
Kxb5 Kb7 {Schwarz hält die vertikale Opposition, aber Weiß hat zwei
Reservetempi (f3,und h3), während Schwarz nur über eines (h6) verfügt. Das
heißt, daß Weiß die Opposition brechen kann, aber in diesem Fall geht Schwarz
in die horizontale Opposition über.} 33. Kc5 Kc7 34. Kd5 Kd7 35. f3 h6 36. h3 {
[%mdl 4100] Weiß mobilisiert seine letzte Reserve, aber das Endspiel ist remis.
} Ke7 37. Kc6 (37. Kc5 Kd7 38. Kd5 Ke7 39. Kc6 Ke6 $11) 37... Ke6 {Schwarz
hält die Opposition und daher wurde hier Remis vereinbart.} (37... Ke6 38. Kc7
Ke7 $11) 1/2-1/2

[Event "Bundesliga 0304"]
[Site "Germany"]
[Date "2003.12.13"]
[Round "5.2"]
[White "Espig, Lutz"]
[Black "Van Wely, Loek"]
[Result "0-1"]
[WhiteElo "2429"]
[BlackElo "2654"]
[Annotator "Ribli,Z"]
[PlyCount "74"]
[EventDate "2003.11.01"]
[EventType "team-tourn"]
[EventRounds "15"]
[EventCountry "GER"]
[SourceTitle "CBM 099"]
[Source "ChessBase"]
[SourceDate "2004.03.30"]
[SourceVersion "1"]
[SourceVersionDate "2004.03.30"]
[SourceQuality "1"]
[WhiteTeam "Plauen"]
[BlackTeam "Porz"]
[WhiteTeamCountry "GER"]
[BlackTeamCountry "GER"]

1. Nf3 Nf6 2. c4 c5 3. Nc3 Nc6 4. g3 d5 5. cxd5 Nxd5 6. Bg2 Nc7 7. a3 {[%cal
Gb2b4] Dieser Zug wird heutzutage weniger gespielt - die weiße Idee ist b2-b4
zu ziehen, mit aktivem Spiel am Damenflügel.} e5 {Die Partiefortsetzung führt
zu scharfem Spiel mit beiderseitigen Schwächungen, aber die Alternative 7...g6
kommt auch stark in Betracht, wonach der Plan 8.b4 nicht besonders gut für
Weiß wäre.} (7... g6 8. d3 (8. b4 $6 Bg7 9. bxc5 Ne6 $15 {[%cal Ge6c5]}) 8...
Bg7 9. Bd2 O-O 10. Rb1 Bf5 11. b3 Qd7 12. O-O Rac8 {1/2-1/2 Espig,L-Levin,F/
Altenkirchen 2001/CBM 87 (34)}) 8. b4 f6 (8... cxb4 $2 9. axb4 Bxb4 10. Nxe5
Nxe5 (10... Bxc3 11. Nxc6 bxc6 12. Bxc6+ Bd7 13. Bxd7+ Qxd7 14. dxc3 Qc6 15.
Qa4 $16) 11. Qa4+ Bd7 12. Qxb4 Nc6 13. Qe4+ Qe7 14. Ba3 $16) (8... a6 $6 9. Bb2
cxb4 10. axb4 $14) 9. bxc5 (9. Rb1 Be7 (9... Bf5) 10. bxc5 Bxc5 11. Qb3 Bb6 12.
Na4 Be6 13. Qc2 Nd5 14. Nxb6 axb6 15. Bb2 Rc8 16. Qb3 O-O 17. O-O {1-0 Ubilava,
E-Fernandez Romero,E/Albacete 2001/EXT 2002 (30)}) 9... Bxc5 (9... Ne6 10. e3
$1 Bxc5 (10... Nxc5 11. d4 $16) 11. O-O O-O 12. Qc2 f5 13. Rd1 Qe8 14. Nxe5
Nxe5 15. d4 $16) 10. O-O O-O 11. Bb2 (11. Rb1 Kh8 12. d3 b6 13. Nd2 Bb7 14. Nc4
Qd7 15. a4 Rab8 16. Bd2 Ba8 17. Rb2 Rfc8 {0-1 Loginov,V-Lendwai,R/Oberwart
2002/CBM 89 ext (76)}) (11. a4) 11... Be6 {Schwarz besitzt eine gute
Entwicklung, aber die Stellung ist kompliziert, weil Weiß aktive Möglichkeiten
am Damenflügel hat und eventuell seine Bauernmehrheit im Zentrum mobilisieren
kann.} (11... Kh8 12. e3 Bf5 13. d4 exd4 14. Na4 Be7 15. Nxd4 Nxd4 16. Bxd4 {
1-0 Espig,L-Meyer,F/Chemnitz 1997/EXT 99 (34)}) 12. Ne4 (12. Qc2 Rc8 13. Ne4
Bb6 14. Rac1 Na5 15. Qb1 Nb3 16. Rc2 Qd7 17. d3 Nb5 {1/2-1/2 Huzman,
A-Kupreichik,V/Kujbyshev 1986/MCL (43)}) (12. Na4 Be7 13. d3 Rc8 14. Rc1 Na6
15. d4 e4 16. Nd2 f5 17. e3 Na5 {1/2-1/2 Panchenko,A-Sideif Sade,F/Nabereznye
Chelny 1993/CBM 37 (64)}) 12... Bb6 {Schwarz bleibt mit dem Läufer auf der
a7-g1 Diagonale und kontrolliert weiter das wichtige Zentrumsfeld d4.} (12...
Be7 13. Rc1 (13. d4 $2 f5 14. Nc5 Bd5 $17) 13... Na6 14. d3 Qb6 15. Qc2 Rac8 {
0-1 Rosen,B-Balster,S/Germany 1999/GER-chT2 (25)}) 13. d3 Qe7 $11 (13... Qd7 $5
{Dieser Damezug scheint mir logischer, als die Partiefortsetzung, aber mit 13..
.Qe7 möchte Schwarz das Feld-c5 kontrollieren und den Zug a3-a4 provozieren.})
14. Qb1 {[%cal Gb1b7,Gf1c1,Gc1c7] Weiß hat einigen positionellen Druck am
Damenflügel - er kann die offenen b- und c-Linien kontrollieren -, aber
Schwarz steht stark im Zentrum.} (14. a4 Qd7 $11) 14... Rfd8 (14... f5 15. Neg5
(15. Nc3 Rad8 $13) 15... Bd5 16. e4 $13) 15. a4 {[%cal Gb2a3,Ga3e7] Weiß
möchte 16.Ba3 spielen, aber der Textzug macht das b4-Feld schwach.} Qd7 (15...
Qf7 $11) 16. Ba3 Nd5 17. Rc1 (17. Nc5 $6 Bxc5 18. Bxc5 b6 19. Ba3 Bh3 $15)
17... a5 $1 {[%csl Yb4][%cal Gc6b4,Gd5b4][%mdl 32] Schwarz nimmt die
Schwächung des b5-Punktes in Kauf, er möchte Ncb4 oder Ndb4 spielen.} 18. Nc5
$6 {Dieser Springerzug scheint natürlich, aber Schwarz kann seinen b6-Läufer
tauschen und nachfolgend werden die schwarzen Springer stark.} (18. Bc5 $5)
18... Bxc5 19. Bxc5 b6 20. Ba3 Rac8 (20... Ncb4 21. d4 $13) (20... Ndb4 $15)
21. Qb5 (21. Nd2 $2 Nd4 $17) 21... Ncb4 $15 {[%csl Gb4] Nach diesem Zug kann
Schwarz die Damen tauschen, wonach der a4P schwach wird.} 22. Qxd7 Bxd7 {
[%csl Ra4][%cal Rd5c3,Rc3a4,Rc3e2] Der a4P ist eine ewige Schwächung in der
weißen Stellung, und es droht acuh 23...Nc3.} 23. Nd2 $8 {[%cal Gd2c4] Weiß
beschäftigt sich nicht mit der Verteidigung des a4-Bauern, er möchte Nc4
ziehen mit Gegenspiel.} (23. Rxc8 $6 Rxc8 24. Bxb4 Nxb4 (24... axb4 $2 25. Nxe5
$16) 25. Ne1 Bxa4 $1 26. Rxa4 Rc1 27. Kf1 Nc2 $19) 23... Rxc1+ (23... Nc3 24.
Kf1 Nxa4 (24... Bxa4 25. Nc4 $44) 25. Nc4 $44) 24. Rxc1 (24. Bxc1 $2 Nc3 25.
Kf1 Nc2 $19) 24... Bxa4 25. Nc4 {Die weiße Drohung ist 26.Bxb4 und nach 26...
axb4 kann er den Bauern mit 27.Bxd5+ und 28.Nxb6 zurückgewinnen.} Bb3 $1 (25...
Rc8 26. Ra1 Bb3 27. Bxb4 Nxb4 28. Nxb6 Rc5 $15) 26. Bxb4 (26. Kf1 $5) 26...
Nxb4 27. Nxb6 a4 $17 {[%csl Ga4][%mdl 4096] Die Stellung ist nur materiell
gleich, der ernfernte schwarze Freibauer gibt Schwarz klaren Vorteil.} 28. Nc4
Nc2 (28... Rc8 $17 {[%cal Gc8c1]}) 29. f4 (29. Na5 $5 Nd4 (29... Kf8 30. Nxb3
axb3 31. Rb1 Rb8 32. Rb2 $15) 30. Kf1 Be6 $17) 29... exf4 30. gxf4 Kf8 {
Mit diesem Zug verbessert Schwarz seine Königsstellung und vermeidet
eventuelle Bd5+ Motive.} 31. Nd2 Nd4 32. Kf2 Bf7 33. Rc7 (33. e3 Nb3 34. Nxb3
axb3 $17) 33... a3 34. Ra7 Nb5 (34... a2 $2 35. Nc4 $14) 35. Ra5 a2 $19 {
Der a-Bauer entscheidet die Partie.} 36. Nc4 Nc3 (36... Bxc4 37. dxc4 Nc3 38.
Bd5 Rb8 $19) 37. Ke3 Bxc4 (37... Bxc4 38. dxc4 Rd1 $19) 0-1